[Event "Kimry-ch"]
[Site "Kimry"]
[Date "2003.??.??"]
[Round "8"]
[White "Kocharyan, Grant"]
[Black "Ulianov, Sergey"]
[Result "1-0"]
[WhiteElo "2045"]
[BlackElo "2035"]
[PlyCount "39"]
[EventDate "2003.??.??"]
[EventType "swiss"]
[EventRounds "9"]
[EventCountry "RUS"]
[SourceTitle "EXT 2007"]
[Source "ChessBase"]
[SourceDate "2006.11.23"]
[SourceVersion "1"]
[SourceVersionDate "2006.11.23"]
[SourceQuality "1"]

1. d4 d5 2. c4 e6 3. Nc3 Nf6 4. Nf3 c5 5. Bg5 dxc4 6. dxc5 Qxd1+ 7. Rxd1 Nbd7 8. Nb5 Nd5 9. e4 a6 10. exd5 axb5 11. dxe6 fxe6 12. Nd4 Nf6 13. Bxf6 gxf6 14. Nxb5 Rxa2 15. Bxc4 Rxb2 16. Nc7+ Ke7 17. 0-0 Bh6 18. Rfe1 Bd2 19. Re2 Bc3 20. Nd5+ 1-0